Urbanistické, architektonické a technické aspekty obnovy vidieka VIII : obnova stavebného fondu ako príspevok k trvalo udržateľnému rozvoju vidieka : zborník referátov z medzinárodnej konferencie, 26. máj 2009 /

Uloženo v:
Podrobná bibliografie
Hlavní autor: Hajdú, Gabriela (Autor)
Médium: Kniha
Jazyk:slovenština
Vydáno: Bratislava : Slovenská technická univerzita v Bratislave, 2009
Vydání:1. vyd.
Témata:
ISBN:9788022731317
On-line přístup: Získat plný text
Tagy: Přidat tag
Žádné tagy, Buďte první, kdo vytvoří štítek k tomuto záznamu!

MARC

LEADER 00000nam a2200000 4500
003 SK-BrCVT
005 20220621162756.0
008 100423s2009 xo e ||||||slo d
020 |a 9788022731317 
035 |a CVTIDW1524301 
040 |b slo  |a CVTI SR  |e AACR2 
041 0 |a slo 
044 |a xo 
080 |a 711.3  |2 UDC-MRF 
080 |a 72  |2 UDC-MRF 
080 |a 502.131.1  |2 UDC-MRF 
080 |a 332.055.2  |2 UDC-MRF 
100 1 |a Hajdú, Gabriela  |4 aut 
245 1 0 |a Urbanistické, architektonické a technické aspekty obnovy vidieka VIII :  |b obnova stavebného fondu ako príspevok k trvalo udržateľnému rozvoju vidieka : zborník referátov z medzinárodnej konferencie, 26. máj 2009 /  |c Autori: Gabriela Hajdú ... [et al.] 
250 |a 1. vyd. 
260 |a Bratislava :  |b Slovenská technická univerzita v Bratislave,  |c 2009 
300 |a 145 s. :  |b obr., tab. ; 
653 1 |a trvalo udržateľný rozvoj vidieka  |a architektúra stavieb  |a priemyselná architektúra  |a sociálna bytová výstavba  |a vidiecke sídlo  |a poľnohospodárstvo 
910 |b A610698 
919 |a 978-80-227-3131-7 
974 |f Knihy 
992 |a AZN 
999 |c 152350  |d 152350